00904nam a2200289Ia 4500008004100000020001800041050001100059050001400070100002300084245004000107245005600147245002600203250002600229260001600255260001400271260000900285300002200294300002000316300001000336500005100346650002800397650002400425650002400449700001100473999001900484952011100503171025s9999 xx 000 0 und d a9781578867318 a370.15 bM875 2008 aMorrison, Mary Kay aUsing humor to maximize learning :  bthe links between positive emotions and education / cby Mary Kay Morrison. aFirst Indian Edition. aNew Delhi : bOverleaf, c2008 axiii, 200 pages : billustrations ; c23cm. aIncludes appendix and bibliographic reference. aEsucational psychology. aHumor in education. aSchool environment. aTitle. c344893d344893 001040aSSISMbSSISMd2017-10-25l0oSHS 370.15 M875 2008pSSISM3946r2017-10-25 00:00:00w2017-10-25yBK